000 00899nam a2200253Ia 4500
003 OSt
005 20221005112646.0
006 a|||||r|||| 00| 0
007 ta
008 221004b |||||||| |||| 00| 0 pan d
020 _c125
024 _a96269
037 _b219, 01/01/2009, H.K. Prakashan
_cTextual
040 _aCRL
_cCRL
_bpan
041 _2pan
_apan
082 _aO153,1:g, P3
100 _aਸਖਵਿੰਦਰ ਸਿੰਘ
245 0 _aਲੋਕ ਵਾਰਾਂ ਅਤੇ ਅਧਿਆਤਮਕ ਵਾਰਾਂ ਦੀ ਦ੍ਰਿਟੀ ਤੇ ਸਰੂਪ
260 _aਜਲੰਧਰ
_bਬਲਵੰਤ ਪਮਕਾਨ ਭਾਰਤ
_c2003
300 _a103ਪੰ
_ccm.
650 _aਪੰਜਾਬੀ ਸਾਹਿਤ
942 _hO153,1:g, P3
_cTEXL
_2cc
999 _c1025564
_d1025564